| 000 | 00996nam a22002297a 4500 | ||
|---|---|---|---|
| 005 | 20251009070808.0 | ||
| 020 |
_a9780071467513 _cTZS 10,000 /= |
||
| 040 |
_aMCCL _beng. _eAACR 2nd rev.ed. |
||
| 082 | _a 658. 4012 BAL. | ||
| 100 | _aDickson, Greg, Balanko | ||
| 245 |
_aTips and traps for writing an effective business plan. _cGreg Balanko-Dickson |
||
| 260 |
_aNew York:: _bMcGraw-Hill, _cc2007. |
||
| 300 |
_axv, 387P. : _bill. ; _c24cm. |
||
| 504 | _aIncludes index. | ||
| 520 | _aGreg Balasko-Dickson has spoken to and consulted with thousands of business owners in the United States and Canada on the subject of business planning Provides valuable guidance to both established business owners and those inquiring into new or unfamiliar businesses Includes worksheets, exercises, and sample forms for getting started. | ||
| 546 | _a eng. | ||
| 650 | _aBusiness planning | ||
| 650 | _aElectronic books | ||
| 650 | _aStyle commercial | ||
| 700 | _aGreg Balanko-Dickson | ||
| 942 | _cBK | ||
| 999 |
_c12328 _d12328 |
||